Les 10 plus grandes villes de Finlande - Statistiques

Statistiques générales
  • Ce quiz a été pris 159 fois
  • Le résultat moyen est 5 sur 10
Statistiques - réponses
Population Ville % Correct
558 457 Helsinki
99%
202 687 Tampere
75%
175 945 Turku
71%
128 618 Oulu
68%
256 760 Espoo
56%
190 058 Vantaa
35%
85 026 Jyväskylä
28%
98 826 Lahti
23%
76 772 Pori
22%
89 104 Kuopio
13%
Aucun quiz correspondant
Distribution des résultats
% des personnes avec chaque résultat
Percentile par nombre de réponses
Votre historique - résultats
Vous n’avez pas pris ce quiz